000 00406nam a2200157Ia 4500
008 100122s9999 xx 000 0 und d
082 _b68959
_a927.92
100 _aलागू श्रीराम
245 _aलमाण
250 _a0
260 _bपॉप्युलर प्रकाशन
_c2006
300 _a355
630 _aलमाण
730 _aलमाण
942 _cBOOK
999 _c440461
_d440458